000
00345pab a2200145 454500
008
180718b1995 xxu||||| |||| 00| 0 eng d
100
_a
Guha Roy, Jaytilak
245
_a
Case for privatising the police force
260
_c
1995
300
_a
p.12
362
_a
22 Feb
650
_a
Police - India
773
_a
Times of India
909
_a
28276
999
_c
28276
_d
28276